| 000 | 00493nam a2200157 a 4500 | ||
|---|---|---|---|
| 001 | 000031972 | ||
| 005 | 20250217091458.0 | ||
| 008 | 110707s1998 dr 000 0 spa d | ||
| 040 |
_aDO-SdBNP _bspa _cBNPHU |
||
| 082 |
_axxxx _bL864s |
||
| 100 | 1 |
_a López Rodríguez, Nicolás de Jesús, _d1936- _9670 |
|
| 245 | 1 | 3 |
_aEl sacramento de la confirmación / _cNicolas de Jesús Cardelal López Rodríguez. |
| 260 |
_a[Santo Domingo : _bs.n.], _c1998. |
||
| 300 |
_a18 p. ; _c20 cm. |
||
| 049 | _aBNPD | ||
| 999 |
_c31463 _d31463 |
||